| 000 | 00965nam a22003017a 4500 | ||
|---|---|---|---|
| 001 | 4779 | ||
| 003 | FISKH | ||
| 005 | 20241010140349.0 | ||
| 008 | 241010b cb ||||| |||| 00| 0 eng d | ||
| 020 | _a9781575650937 | ||
| 040 |
_aFISKH _beng _cFISKH _dFISKH |
||
| 050 | _aPZ7.D4475 | ||
| 082 | _a408 | ||
| 100 |
_adeRubertis, Barbara _d(1939-) |
||
| 245 |
_aLulu's lemonade / _cby Barbara deRubertis Illustrated by Paige Billin-Frye |
||
| 250 | _aFirst published in 2000 | ||
| 260 |
_aNew York : _bKane Press, _c2000. |
||
| 300 |
_a32 pages : _bColor illustrations ; _c23 cm |
||
| 505 | _aL | ||
| 520 | _aOn a hot summer day, three children squabble over which ingredients and what quantities should go into their extra special lemonade. | ||
| 521 | 8 |
_a520L
_bLexile |
|
| 521 | 8 |
_aL
_bRaz-Plus |
|
| 650 |
_2Measurement _aChildren's |
||
| 650 |
_2Math _aFood |
||
| 700 |
_aBillin-Frye, Paige _dIllustrator |
||
| 942 |
_2ddc _cBK _n0 |
||
| 999 |
_c4779 _d4779 |
||